Magies du taureau noir de Black Clover - Statistiques

Statistiques générales
  • Ce quiz a été pris 450 fois
  • Le résultat moyen est 7 sur 15
Statistiques - réponses
Nom Magie % Correct
Asta Anti-magie
91%
Noelle Eau
88%
Luck Foudre
77%
Yami Ténèbres
74%
Gordon Poison
69%
Nacht Ombre
53%
Vanessa Fils
52%
Charmy Coton
47%
Gosh Miroirs
37%
Finral Spatiale
34%
Magna Flammes
30%
Zora Cendres
29%
Secré / Nero Sceaux
10%
Gray Transmutation
8%
Henry Restructuration
5%
Aucun quiz correspondant
Distribution des résultats
% des personnes avec chaque résultat
Percentile par nombre de réponses
Votre historique - résultats
Vous n’avez pas pris ce quiz